EuroBasket All-Tournament Teams - Statistics

General Stats
  • This quiz has been taken 64 times
    29 since last reset
  • The average score is 57 of 105
Answer Stats
Year Pos Country Player % Correct
EuroBasket 2017 Guard Slovenia Luka Dončić
100%
EuroBasket 2025 Guard Slovenia Luka Dončić
100%
EuroBasket 2025 Center Türkiye Alperen Sengun
92%
EuroBasket 2022 Guard Germany Dennis Schröder
92%
EuroBasket 2025 Guard Germany Dennis Schröder
92%
EuroBasket 2022 Forward Greece Giannis Antetokounmpo
92%
EuroBasket 2025 Forward Greece Giannis Antetokounmpo
92%
EuroBasket 2001 Center Spain Pau Gasol
92%
EuroBasket 2003 Center Spain Pau Gasol
92%
EuroBasket 2007 Center Spain Pau Gasol
92%
EuroBasket 2009 Center Spain Pau Gasol
92%
EuroBasket 2011 Center Spain Pau Gasol
92%
EuroBasket 2015 Center Spain Pau Gasol
92%
EuroBasket 2017 Center Spain Pau Gasol
92%
EuroBasket 2025 Forward Germany Franz Wagner
88%
EuroBasket 2013 Center Spain Marc Gasol
88%
EuroBasket 2022 Center France Rudy Gobert
88%
EuroBasket 1983 Center Soviet Union Arvydas Sabonis
85%
EuroBasket 1985 Center Soviet Union Arvydas Sabonis
85%
EuroBasket 1995 Center Lithuania Arvydas Sabonis
85%
EuroBasket 2017 Guard Serbia Bogdan Bogdanović
85%
EuroBasket 2013 Forward Croatia Bojan Bogdanović
85%
EuroBasket 2013 Guard Slovenia Goran Dragić
81%
EuroBasket 2017 Guard Slovenia Goran Dragić
81%
EuroBasket 2015 Center Lithuania Jonas Valančiūnas
81%
EuroBasket 2003 Guard France Tony Parker
81%
EuroBasket 2011 Guard France Tony Parker
81%
EuroBasket 2013 Guard France Tony Parker
81%
EuroBasket 2022 Center Spain Willy Hernangomez
81%
EuroBasket 2001 Forward Germany Dirk Nowitzki
77%
EuroBasket 2005 Forward Germany Dirk Nowitzki
77%
EuroBasket 2007 Forward Germany Dirk Nowitzki
77%
EuroBasket 2005 Guard Spain Juan Carlos Navarro
73%
EuroBasket 2011 Guard Spain Juan Carlos Navarro
73%
EuroBasket 2009 Guard Greece Vassilis Spanoulis
73%
EuroBasket 2003 Forward Russia Andrei Kirilenko
69%
EuroBasket 2007 Forward Russia Andrei Kirilenko
69%
EuroBasket 2011 Forward Russia Andrei Kirilenko
69%
EuroBasket 2009 Guard Serbia Miloš Teodosić
69%
EuroBasket 2009 Forward Spain Rudy Fernández
69%
EuroBasket 2022 Guard Spain Lorenzo Brown
65%
EuroBasket 2005 Forward France Boris Diaw
62%
EuroBasket 1985 Guard Yugoslavia Dražen Petrović
62%
EuroBasket 1989 Guard Yugoslavia Dražen Petrović
62%
EuroBasket 2015 Guard France Nando de Colo
62%
EuroBasket 2015 Guard Spain Sergio Rodríguez
62%
EuroBasket 1991 Forward Yugoslavia Toni Kukoč
62%
EuroBasket 1995 Forward Croatia Toni Kukoč
62%
EuroBasket 2017 Guard Russia Alexey Shved
58%
EuroBasket 2005 Guard Greece Dimitris Diamantidis
58%
EuroBasket 1989 Center Yugoslavia Dino Rađa
58%
EuroBasket 1993 Forward Croatia Dino Rađa
58%
EuroBasket 1983 Guard Greece Nikos Galis
58%
EuroBasket 1987 Guard Greece Nikos Galis
58%
EuroBasket 1989 Guard Greece Nikos Galis
58%
EuroBasket 1991 Guard Greece Nikos Galis
58%
EuroBasket 1991 Center Yugoslavia Vlade Divac
58%
EuroBasket 1995 Center Yugoslavia Vlade Divac
58%
EuroBasket 2001 Forward Turkey Hedo Türkoğlu
54%
EuroBasket 2001 Forward Yugoslavia Predrag Stojaković
54%
EuroBasket 2003 Guard Lithuania Šarūnas Jasikevičius
54%
EuroBasket 2005 Guard Greece Theo Papaloukas
54%
EuroBasket 1997 Forward Yugoslavia Dejan Bodiroga
50%
EuroBasket 1999 Forward Yugoslavia Dejan Bodiroga
50%
EuroBasket 2013 Forward Lithuania Linas Kleiza
46%
EuroBasket 1999 Forward Italy Gregor Fučka
42%
EuroBasket 2009 Forward Slovenia Erazem Lorbek
38%
EuroBasket 2007 Guard Spain José Calderón
38%
EuroBasket 1987 Center Greece Panagiotis Fasoulas
38%
EuroBasket 2007 Forward Lithuania Ramūnas Šiškauskas
38%
EuroBasket 1989 Forward Yugoslavia Žarko Paspalj
38%
EuroBasket 1997 Center Yugoslavia Željko Rebrača
38%
EuroBasket 2011 Guard North Macedonia Bo McCalebb
35%
EuroBasket 1997 Guard Yugoslavia Aleksandar Đorđević
31%
EuroBasket 1999 Guard Italy Carlton Myers
31%
EuroBasket 1981 Forward Yugoslavia Dražen Dalipagić
31%
EuroBasket 2015 Forward Lithuania Jonas Mačiulis
31%
EuroBasket 2003 Forward Lithuania Saulius Štombergas
31%
EuroBasket 1999 Forward Spain Alberto Herreros
27%
EuroBasket 2001 Guard Croatia Damir Mulaomerović
27%
EuroBasket 1985 Forward West Germany Detlef Schrempf
27%
EuroBasket 1987 Guard Soviet Union Šarunas Marčiulionis
27%
EuroBasket 1995 Guard Lithuania Šarūnas Marčiulionis
27%
EuroBasket 1999 Guard Italy Andrea Meneghin
23%
EuroBasket 1991 Forward Spain Antonio Martín
19%
EuroBasket 1993 Forward Greece Fanis Christodoulou
19%
EuroBasket 1995 Forward Greece Fanis Christodoulou
19%
EuroBasket 1985 Forward Spain Fernando Martin
19%
EuroBasket 1983 Forward Spain Juan Antonio San Epifanio
19%
EuroBasket 1981 Center Soviet Union Vladimir Tkachenko
19%
EuroBasket 1987 Forward Soviet Union Alexander Volkov
15%
EuroBasket 1993 Center Germany Chris Welp
15%
EuroBasket 1981 Guard Yugoslavia Dragan Kićanović
15%
EuroBasket 1993 Guard Spain Jordi Villacampa
15%
EuroBasket 1991 Guard Italy Ferdinando Gentile
12%
EuroBasket 1983 Guard Spain Juan Antonio Corbalan
12%
EuroBasket 1993 Guard Russia Sergei Bazarevich
12%
EuroBasket 1989 Forward France Stephane Ostrowski
12%
EuroBasket 1981 Guard Soviet Union Valdis Valters
12%
EuroBasket 1985 Guard Soviet Union Valdis Valters
12%
EuroBasket 1981 Forward Soviet Union Anatony Myshkin
8%
EuroBasket 1987 Forward Spain Andres Jimenez
8%
EuroBasket 1997 Forward Poland Dominik Tomczyk
8%
EuroBasket 1997 Center Russia Mikhail Mikhaylov
4%
EuroBasket 1983 Forward Czechoslovakia Stanislav Kropilak
4%
No matching quizzes found
Score Distribution
Percent of People with Each Score
Percentile by Number Answered
Your Score History
You have not taken this quiz since the last reset